Digitálny marketing podnikov v kríze
Súčasný stav a miera využívania digitálneho marketingu podnikmi v slovenskom trhovom priestore. Dôveryhodnosť externej komunikácie podnikov prostredníctvom webovej stránky. Základné atribúty modelu AIDA.
Uložené v:
| Hlavný autor: | |
|---|---|
| Ďalší autori: | |
| Médium: | Kapitola |
| Jazyk: | Slovak |
| Predmet: | |
| Tagy: |
Žiadne tagy, Buďte prvý, kto otaguje tento záznam!
|
MARC
| LEADER | 00000naa$a2200000$$$4500 | ||
|---|---|---|---|
| 001 | 0185735 | ||
| 005 | 20240522130939.1 | ||
| 041 | 0 | |a slo | |
| 044 | |a SK | ||
| 245 | 1 | 0 | |a Digitálny marketing podnikov v kríze |c Mária Brezániová, Peter Štetka |
| 520 | |a Súčasný stav a miera využívania digitálneho marketingu podnikmi v slovenskom trhovom priestore. Dôveryhodnosť externej komunikácie podnikov prostredníctvom webovej stránky. Základné atribúty modelu AIDA. | ||
| 610 | 2 | 0 | |a marketing elektronický |
| 610 | 2 | 0 | |a komunikácia marketingová |
| 610 | 2 | 0 | |a marketing mix |
| 610 | 2 | 0 | |a stránky webové |
| 610 | 2 | 0 | |a marketing |
| 610 | 2 | 0 | |a modely |
| 100 | 1 | |a Brezániová, Mária | |
| 700 | 1 | |a Štetka, Peter, 1986- | |